Duka di hujung musim

Bibliographic Details
Main Author: Hamiza S.B
Format: Book
Published: Shah Alam : Marwilis , 1988
Subjects:

MARC

LEADER 00000cam a2200000 7i4500
001 0000006881
002 000007413
005 20000330.0
020 |a 9838310379 
090 0 0 |a F   |b HAM 
100 0 |a Hamiza S.B 
245 1 0 |a Duka di hujung musim   |c Hamiza S.B 
260 |a Shah Alam :   |b Marwilis ,   |c 1988 
300 |a 102 p. ;   |c 18 cm. 
650 0 0 |a General fiction, Malay 
999 |a 023377   |b BUKU   |c PINJAMAN   |e PERPUSTAKAAN KOMUNITI PETALING JAYA